00238nam a22000857a 4500100002800000245004900028260004900077300000900126650001700135 aHewagamage,Upeka Dimuth aUtilization of Sri Lankan sweet Orange waste aColombobInstitute of Chemistry Ceylonc2011 a37 p aSweet orange